UM Logo

Forensic document examination : (Record no. 17483)

MARC details
000 -LEADER
fixed length control field 00901nam a2200217 4500
008 - FIXED-LENGTH DATA ELEMENTS--GENERAL INFORMATION
fixed length control field 221025b ||||| |||| 00| 0 eng d
020 ## - INTERNATIONAL STANDARD BOOK NUMBER
International Standard Book Number 9786214182626
050 ## - LIBRARY OF CONGRESS CALL NUMBER
Classification number 2022
082 ## - DEWEY DECIMAL CLASSIFICATION NUMBER
Edition number 2022
Classification number DFil 363.2565
Item number D713
100 ## - MAIN ENTRY--PERSONAL NAME
Personal name Domingo, Chistian G.
9 (RLIN) 46503
245 ## - TITLE STATEMENT
Title Forensic document examination :
Remainder of title a handbook for criminology faculty and students with laboratory and mock board exercises /
Statement of responsibility, etc. Chistian G. Domingo, Armando A. Alviola and Joar V. Uy.
250 ## - EDITION STATEMENT
Edition statement 2022 edition.
260 ## - PUBLICATION, DISTRIBUTION, ETC. (IMPRINT)
Place of publication, distribution, etc. Quezon City :
Name of publisher, distributor, etc. Wiseman's Books Trading, Inc.,
Date of publication, distribution, etc. ©2022.
300 ## - PHYSICAL DESCRIPTION
Extent vii, 131 pages :
Other physical details illustrations ;
Dimensions 23 cm.
500 ## - GENERAL NOTE
General note Includes bibliographical references.<br/>
650 ## - SUBJECT ADDED ENTRY--TOPICAL TERM
Topical term or geographic name as entry element Writing
General subdivision Identification.
9 (RLIN) 46504
650 ## - SUBJECT ADDED ENTRY--TOPICAL TERM
Topical term or geographic name as entry element Legal documents
General subdivision Identification.
9 (RLIN) 46505
700 ## - ADDED ENTRY--PERSONAL NAME
Personal name Alviola, Armando A.
Relator term author.
9 (RLIN) 46506
700 ## - ADDED ENTRY--PERSONAL NAME
Personal name Uy, Joar V.
Relator term author.
9 (RLIN) 46507
942 ## - ADDED ENTRY ELEMENTS (KOHA)
Source of classification or shelving scheme Dewey Decimal Classification
Koha item type Filipiniana
Holdings
Withdrawn status Lost status Source of classification or shelving scheme Damaged status Not for loan Collection code Home library Current library Date acquired Source of acquisition Cost, normal purchase price Total Checkouts Full call number Barcode Date last seen Copy number Price effective from Koha item type
    Dewey Decimal Classification     Filipiniana UM Digos College - LIC UM Digos College - LIC 08/16/2022 Purchased 398.00   DFil 363.2565 D713 2022 27102 05/15/2025 1 10/25/2022 Filipiniana
    Dewey Decimal Classification     Filipiniana UM Digos College - LIC UM Digos College - LIC 08/16/2022 Purchased 398.00   DFil 363.2565 D713 2022 27103 05/15/2025 2 10/25/2022 Filipiniana
    Dewey Decimal Classification     Filipiniana UM Digos College - LIC UM Digos College - LIC 08/16/2022 Purchased 398.00   DFil 363.2565 D713 2022 27104 05/15/2025 3 10/25/2022 Filipiniana